000 00841nam a2200241 i 4500
001 bg
245 0 0 _aUstawa o ochronie i kształtowaniu środowiska :
_bkomentarz /
_cpod red. J[erzego] Sommera ; [poszczeg. części oprac. Jan Jerzmański et al.].
260 _aWrocław :
_b"Prawo Ochrony Środowiska",
_c1995.
300 _a486, [1] s. ;
_c21 cm.
490 1 _aKomentarze / Towarzystwo Naukowe Prawa Ochrony Środowiska ;
_v17
504 _aIndeks.
650 9 _aPrzyroda
_xochrona
_xprawo
_zPolska
700 1 _aSOMMER, Jerzy.
_eRed.
700 1 _aJERZMAŃSKI, Jerzy.
830 0 _aKomentarze (Towarzystwo Naukowe Prawa Ochrony Środowiska) ;
_v17
020 _a8390141094
040 _cBPK
041 0 _apol
_beng
080 _a349.6(438)
920 _a83-901410-9-4
942 _cKS
008 s pl f |000 0 pol
999 _c30878
_d30878
856 _uhttp://koha.tu.koszalin.pl/cgi-bin/koha/opac-detail.pl?biblionumber=30878
_yKatalog online BPK